Využitie 3D optických meracích technológii v automobilovom priemysle

Salvato in:
Dettagli Bibliografici
Autore principale: Šišák, Filip (Autore)
Altri autori: Milde, Ján (Relatore della tesi)
Natura: Manoscritto Libro
Lingua:slovacco
Pubblicazione: 2025
Soggetti:
Accesso online:http://is.stuba.sk/zp/portal_zp.pl?podrobnosti=179251
Tags: Aggiungi Tag
Nessun Tag, puoi essere il primo ad aggiungerne!!

MARC

LEADER 00000ntm a22000003a 4500
001 stuzp103481
003 SK-STU
005 20250628210646.5
007 ta
008 150427s2015----xo-----f-mn---000-0-slo-d
040 |a STU  |b slo 
041 0 |a slo 
100 1 |a Šišák, Filip  |u 063000  |4 aut  |U MTF Materiálovotechnologická fakulta  |T MTF Ústav výrobných technológií  |X 122952  |U M3000  |Y 83  |7 122952 
242 0 1 |a Utilization of 3D optical measurement technologies in the automotive industry  |y eng 
245 1 0 |a Využitie 3D optických meracích technológii v automobilovom priemysle 
260 |c 2025 
650 4 |a 3D optické technológie  |2 slo 
650 4 |a CAQ  |2 slo 
650 4 |a kroková analýza  |2 slo 
650 4 |a 3D skenovanie  |2 slo 
650 4 |a 3D optical technologies  |2 eng 
650 4 |a CAQ  |2 eng 
650 4 |a Step-by-step analysis  |2 eng 
650 4 |a 3D scanning  |2 eng 
700 1 |a Milde, Ján  |u 063200  |k Z1  |4 ths  |U MTF Ústav výrobných technológií  |T MTF Katedra obrábania a počítačovej podpory technológií  |X 56936  |U M3200  |Y 164  |7 A000056936 
856 4 |u http://is.stuba.sk/zp/portal_zp.pl?podrobnosti=179251 
996 |c M* BP-10031  |l MMSKP  |s P  |a 0  |w stuzp103481_0001